| 000 | 00672nam a22001937a 4500 | ||
|---|---|---|---|
| 999 |
_c183290 _d183290 |
||
| 005 | 20211222122701.0 | ||
| 010 | _aUR-11380 | ||
| 020 |
_c150.00 _a- |
||
| 035 | _aU-9935 | ||
| 037 |
_bDBAD/PUB _a- |
||
| 082 | _a841 | ||
| 100 | _aا و د ھو مہا جن بسمل | ||
| 245 |
_aد شت ا مکا ں سے پر ے _cا و د ھو مہا جن بسمل |
||
| 246 |
_bDasht-e-Imkan Se Pare(Urdu) _aby Uddav Mahajan Bismil |
||
| 260 |
_aPune _bAsbaque Publications _c2019 ء |
||
| 270 |
_aSaira Manzil,230/B/102,Viman Darshan,Sanjay Park,Lohgaon Road, _bPune _e411032 _k9822516338 _l- |
||
| 300 |
_a135 ص _c22 Cm(Hb) |
||
| 942 |
_2ddc _cUR _h841 _mب س م |
||